• 首页
  • 本馆介绍
  • 公告通知
  • 最新文献
  • 馆藏检索
  • 电子资源
  • 读者导购
  • 参考咨询
  • 我的图书馆
  • 登录
  • 详细信息显示
  • 放入我的书架
  • 预约/预借图书
  • 作者相关作品
  • 分类相关作品
  • 丛书相关作品
  • 出版社相关作品

书目信息

  • 表格格式
  • 工作单格式
  • 卡片格式
题名:
生活历书
    
 
作者: 陈倩 , 赵佳 , 马未来 编著
分册:  
出版信息: 哈尔滨   哈尔滨出版社  2009
页数: 41,365页
开本: 24cm
丛书名:
单 册:
中图分类: TS976.3
科图分类:
主题词: 家庭生活--基本知识 , 家庭生活
电子资源:
ISBN: 978-7-80753-541-6
000 01043nam0 2200277 45
001 1029470738
005 20100428095817.31
010    @a978-7-80753-541-6@dCNY35.00
100    @a20100426d2009 em y0chiy50 ea
101 0  @achi
102    @aCN@b230000
105    @ay z 000yy
106    @ar
200 1  @a生活历书@ASheng Huo Li Shu@e快乐生活日日通@EKuai Le Sheng Huo Ri Ri Tong@f陈倩,赵佳,马未来编著@FChen Qian, Zhao Jia, Ma Wei Lai Bian Zhu
210    @a哈尔滨@c哈尔滨出版社@d2009
215    @a41,365页@d24cm
330    @a本书以日历的形式,每日分饮食、家用、健康三大板块,汇集日常生活的经验、常识和窍门。该书参考50本相关图书,精选相当实用的3000条知识,涉及烹饪、购物、理财、居家、禁忌、休闲等方面。
517 1  @a快乐生活日日通@AKuai Le Sheng Huo Ri Ri Tong
606 0  @a家庭生活@x基本知识
606 0  @a家庭生活
690    @aTS976.3@v4
701  0 @a陈倩@AChen Qian@4编著
701  0 @a赵佳@AZhao Jia@4编著
701  0 @a马未来@AMa Wei Lai@4编著
801  0 @aCN@bTANGWEI@c20100428
905    @b0595998-6002@dTS976.3@e293@f5
    
    生活历书:快乐生活日日通/陈倩,赵佳,马未来编著.-哈尔滨:哈尔滨出版社,2009
    41,365页;24cm
    
    
    ISBN 978-7-80753-541-6:CNY35.00
    本书以日历的形式,每日分饮食、家用、健康三大板块,汇集日常生活的经验、常识和窍门。该书参考50本相关图书,精选相当实用的3000条知识,涉及烹饪、购物、理财、居家、禁忌、休闲等方面。
●
相关链接 在E读中查询图书 在五车中查询图书 在当当中查询图书 在豆瓣中查询图书


正题名:生活历书     索取号:TS976.3/293         预约/预借

序号 登录号 条形码 馆藏地/架位号 状态 备注
1 0595998   205959989   第二样本阅览室/ [索取号:TS976.3/293] 在馆    
2 0595999   205959998   第三借阅区/ [索取号:TS976.3/293] 在馆    
3 0596000   205960003   第三借阅区/ [索取号:TS976.3/293] 在馆    
4 0596001   205960012   第三借阅区/ [索取号:TS976.3/293] 在馆    
5 0596002   205960021   第三借阅区/ [索取号:TS976.3/293] 在馆    
唐山师范学院图书馆 欢迎您!
大连网信软件有限公司© 版权所有